Glee Duets - season 4 - Statistics

General Stats
  • This quiz has been taken 430 times
  • The average score is 10 of 24
Answer Stats
Hint Answer % Correct
Torn Rachel
95%
Everybody Talks Kitty Jake
56%
Crazy/ (You Drive Me) Crazy Marley Jake
55%
Superman Jake Ryder
54%
Make No Mistake's She's Mine Sam Santana
54%
Ney York State Of Mind Rachel Marley
53%
Come What May Kurt Blaine
50%
Juke Box Hero Finn Ryder
49%
Heroes Sam Blaine
45%
Blow Me (Last Kiss) Wade Marley
45%
All Or Nothing Marley Blaine
44%
Boys/ Boyfriend Artie Blaine
43%
Bring Him Home Rachel Kurt
43%
Tell Him Brittany Marley
41%
Oh Hanukkah Jake Noah
40%
Barely Breathing Finn Blaine
39%
Celebrity Skin Sam Brittany
39%
Next To Me Shelby Rachel
37%
A Change Would Do You Good Rachel Brody
36%
Fight For Your Right Finn Noah
34%
Footloose Sam Artie
28%
You're All The World To Me Will Emma
18%
You've Lost That Lovin' Feelin' Sam Ryder
16%
All That Jazz Casandra Rachel
15%
No matching quizzes found
Score Distribution
Percent of People with Each Score
Percentile by Number Answered
Your Score History
You have not taken this quiz